| 000 | 00647nam a2200241Ia 4500 | ||
|---|---|---|---|
| 003 | OSt | ||
| 005 | 20220918184154.0 | ||
| 006 | a|||||r|||| 00| 0 | ||
| 007 | ta | ||
| 008 | 220917b |||||||| |||| 00| 0 eng d | ||
| 024 | _a45,123 | ||
| 037 | _cTextual | ||
| 040 |
_aARTS _cARTS _beng |
||
| 041 |
_2eng _aeng |
||
| 082 | _aO28,6:M83,2, 111J8 | ||
| 100 |
_aGibran K _918917 |
||
| 245 | 0 | _aVoice of the master tr by Anthony R Ferris | |
| 260 |
_aN York _bCitadel Press _c1958 |
||
| 300 |
_a95p. _ccm. |
||
| 650 | _aENGLISH LITERATURE | ||
| 942 |
_hO28,6:M83,2, 111J8 _cTEXL _2CC |
||
| 999 |
_c175472 _d175472 |
||